| 000 | 01036nam a22004217a 4500 | ||
|---|---|---|---|
| 005 | 20240417185845.0 | ||
| 008 | 180424b xxu||||| |||| 00| 0 spa d | ||
| 020 | _a9788426717382 | ||
| 041 | _aESP | ||
| 082 | _a697 J96ma | ||
| 100 |
_aJutglar, Luis _946881 |
||
| 100 |
_aMiranda, Ángel Luis _946882 |
||
| 100 |
_aVillarubia, Miguel _946883 |
||
| 245 | _aManual de calefacción | ||
| 260 | _a España | ||
| 260 | _bLexus | ||
| 260 | _c2012 | ||
| 300 | _a606 páginas | ||
| 650 | _aCALEFACCIÓN | ||
| 650 | _aGENERACIÓN DE CALOR | ||
| 650 | _aCOMBUSTIBLES | ||
| 650 | _aPSICOMETRÍA | ||
| 650 | _aCALEFACCIÓN ELÉCTRICA | ||
| 650 | _aAHORRO ENERGÉTICO | ||
| 650 | _aCONDENSACIÓN | ||
| 650 | _aCALDERAS | ||
| 650 | _aTUBERÍAS | ||
| 650 | _aBOMBAS | ||
| 650 | _aVENTILADORES | ||
| 650 | _aEMISORES | ||
| 650 | _aENERGÍAS RENOVABLES | ||
| 650 | _aENERGÍA SOLAR | ||
| 650 | _aGEOTERMIA | ||
| 650 | _aAGUA CALIENTE SANITARIA | ||
| 650 | _aINSTALACIONES | ||
| 942 |
_cBK _2ddc |
||
| 999 |
_c10590 _d10590 |
||